Hodnotenie ďalšieho profesijného vzdelávania v zamestnávateľskom subjekte, náklady na vzdelávanie a ich účelnosť diplomová práca

Na minha lista:
Detalhes bibliográficos
Autor principal: Kakašová, Lýdia
Autor Corporativo: Fakulta podnikového manažmentu EU. Katedra manažmentu
Outros Autores: Matulčíková, Marta, 1964-
Formato: Livro
Idioma:eslovaco
Publicado em: Bratislava 2010
Tags: Adicionar Tag
Sem tags, seja o primeiro a adicionar uma tag!

MARC

LEADER 00000nam a2200000 4500
001 0119755
005 20240318122217.1
041 0 |a slo 
044 |a SK 
245 1 0 |a Hodnotenie ďalšieho profesijného vzdelávania v zamestnávateľskom subjekte, náklady na vzdelávanie a ich účelnosť  |b diplomová práca  |c Lýdia Kakašová ; škol. Marta Matulčíková 
264 1 |a Bratislava  |c 2010 
300 |a 108 s. 
100 1 |a Kakašová, Lýdia 
700 1 |a Matulčíková, Marta, 1964- 
710 2 |a Fakulta podnikového manažmentu EU. Katedra manažmentu